[Event "Mittelrhein Verbandsliga Ost 1415"]
[Site "Mittelrhein"]
[Date "2014.09.28"]
[Round "2.8"]
[White "Joos, Oliver"]
[Black "Hoeck, Sebastian"]
[Result "0-1"]
[WhiteElo "1535"]
[BlackElo "1762"]
[PlyCount "50"]
[EventDate "2014.09.07"]
[EventType "team-tourn"]
[EventRounds "11"]
[EventCountry "GER"]
[SourceTitle "EXT 2023"]
[Source "ChessBase"]
[SourceDate "2022.10.05"]
[SourceVersion "1"]
[SourceVersionDate "2022.10.05"]
[SourceQuality "1"]
[WhiteTeam "Fritzdorf"]
[BlackTeam "Siegburg"]
[WhiteTeamCountry "GER"]
[BlackTeamCountry "GER"]

1. d4 d5 2. Nc3 Nf6 3. Bg5 e6 4. e4 dxe4 5. Nxe4 Be7 6. Bxf6 Bxf6 7. Nf3 0-0 8. c3 Be7 9. g4 b6 10. Bd3 Bb7 11. Qe2 Re8 12. 0-0-0 f5 13. gxf5 exf5 14. Bc4+ Kf8 15. Ned2 Bg5 16. Qd3 Be4 17. Qe2 Bc2 18. Ne5 Bxd1 19. Kxd1 Nd7 20. Bb5 Nxe5 21. Bxe8 Qxe8 22. dxe5 Rd8 23. Qf3 Rxd2+ 24. Ke1 Qxe5+ 25. Kf1 Qe4 0-1